Ordkunskap - Statistics

General Stats
  • This quiz has been taken 5 times
  • The average score is 4 of 73
Answer Stats
Hint Answer 1 Answer % Correct
Vite Böter
67%
Kontradiktion Motsägelse
67%
Inhibera Hämma
33%
Ambiguitet Mångtydighet
33%
Bestickning Muta
33%
Affekterad Påverkad
33%
Prokastinera Skjuta upp
33%
Agorafobi Torgskräck
33%
Defaitism Uppgivenhet
33%
Anmodan Uppmaning
33%
Drista sig till Våga
33%
Föreläggande Ålagd skyldighet
0%
Lättsinnig Ansvarslös
0%
Kavalleresk Artig
0%
Förbindlig Tillmötesgående Artig
0%
Varnagel Avskräckande exempel
0%
Bida Avvakta
0%
Allegori Berättelse med dold mening
0%
Allmoge Bondebefolkning
0%
Hegemoni Dominans
0%
Godtycklig Slumpmässig Egenmäktig
0%
Empiri Faktasamling
0%
Förgänglig Flyktig
0%
Tingest Föremål
0%
Inkarnera Förkroppsliga
0%
Idas Förmå sig till
0%
Konventionell Formell
0%
Ekipera Förse med utrustning
0%
Plädera Försvara
0%
Mangrant Fulltalig
0%
Underblåsa Ge näring åt
0%
Grassera Härja
0%
Rön Iakttagelser
0%
I sporrsträck I full fart
0%
Attestera Intyga
0%
Knapphändig Kortfattad
0%
Cytologi Läran om cellen
0%
Obstetrik Läran om graviditet
0%
Farmakologi Läran om läkemedel
0%
Anestesiologi Läran om narkos
0%
Oftamologi Läran om ögat
0%
Blasé Uttråkad Likgiltig
0%
Kärande Målsägande
0%
Med förlov sagt Med ursäkt för min rättframhet
0%
Dissonans Missljud
0%
Förmena Missunna
0%
Dikotomi Delning i två Motsatsförhållande
0%
Ambivalent Motstridiga känslor
0%
Kuschad Nedtryckt
0%
Härförleden Nyligen
0%
Skabrös Oanständig
0%
Stoisk Oberörd
0%
Fatalism Ödestro
0%
Altruistisk Oegoistisk
0%
Lastbar Omoralisk
0%
Överloppsgärning Onödig handling
0%
Indisponera Opasslig
0%
Savelsefull Överdrivet känslosam
0%
Törnrosasömn Passivitet
0%
Pragmatisk Praktiskt inriktad
0%
Renommé Anseende Rykte
0%
Subversiv Samhällsomstörtande
0%
Axiom Självklar sats
0%
Prillig Småtokig
0%
Kverulera Ständigt klaga
0%
Polemisk Stridslysten
0%
Mångtydig Svårtolkad
0%
Paradigm Synsätt
0%
Tribunal Tillfällig domstol
0%
Vankelmodig Tveksam
0%
Stringent Tydlig
0%
Crescendo Växande tonstyrka
0%
Föranstalta Vidta åtgärder
0%
No matching quizzes found
Score Distribution
Percent of People with Each Score
Percentile by Number Answered
Your Score History
You have not taken this quiz